Battlefield 3 maps - Statistiques

Statistiques générales
  • Ce quiz a été pris 8 fois
  • Le résultat moyen est 9 sur 29
Statistiques - réponses
Réponse % Correct
Opération Métro
100%
Opération Tempête de Feu
100%
Autoroute de Téhéran
75%
Canaux de Noshahr
75%
Grand Bazar
75%
Traversée de la Seine
75%
Frontière Caspienne
50%
Golfe d’Oman
50%
Kharg
50%
Pic de Damavand
50%
Tour Ziba
50%
Bouclier Blindé
25%
Ferraille
25%
Île Wake
25%
Pipeline de Sabalan
25%
Assaut sur Karkand
0%
Chemin de fer de Kiasar
0%
Désert de Bandar
0%
Épicentre
0%
Forteresse Donya
0%
Marché de Talah
0%
Monolithe de Markaz
0%
Montagnes d’Alborz
0%
Opération 925
0%
Opération Riveside
0%
Palais Azadi
0%
Péninsule de Sharqi
0%
Plaines de Nebandan
0%
Vallée de la Mort
0%
Aucun quiz correspondant
Distribution des résultats
% des personnes avec chaque résultat
Percentile par nombre de réponses
Votre historique - résultats
Vous n’avez pas pris ce quiz